000 00603nam a2200193Ia 4500
003 GCL
008 140319s9999 xx 000 0 ara d
020 _a2766081977
040 _aGCL /
_cGCL
082 0 4 _a810.8035
_bر م
100 1 _aرجاء النقاش
245 1 0 _aمطالعات وتأملات /
_cرجاء النقاش
250 _aالاولى
260 _aالقاهرة :
_bأطلس للنشر والانتاج الاعلامى ،
_c2004
300 _a288 ص ؛
_c24 سم
650 0 4 _aالمقالات - مجموعات
650 0 4 _aالمقالات الفنية
942 _2ddc
_cBK
999 _c9380
_d9380